Statistics for European countries by furthest point from the sea

Click here to take the quiz!

General Stats

  • This quiz has been taken 30 times
  • The average score is 19 of 45

Answer Stats

kmFurthest PointCountry% Correct
5AttardMalta
80%
463RiedbachGermany
72%
62MöðrudalurIceland
72%
1.559NarovchatkaRussia
68%
620WołosatePoland
64%
120FillongleyUnited Kingdom
64%
407BernhardsthalAustria
60%
47IsenvadDenmark
60%
91MoyvoreIreland
60%
150HaartNetherlands
60%
679GornyaBelarus
56%
280KuivasalmiFinland
56%
135Donja CrnčaMontenegro
56%
125GollomboçAlbania
52%
254Bosanska RačaBosnia and Herzegovina
52%
359HormigosSpain
52%
657DámócHungary
48%
260SchengenLuxembourg
48%
21ChiesanuovaSan Marino
48%
658PalloUkraine
48%
183VinskiEstonia
44%
133PsaradesGreece
44%
616Valea lui MihaiRomania
44%
540BumbálkaCzechia
40%
129FontanedaAndorra
36%
34PolitikoCyprus
36%
428SchoenauFrance
36%
304VaškeliaiLithuania
36%
211ParadelaPortugal
36%
662LelesSlovakia
36%
219DolenciSlovenia
36%
220MörkretSweden
36%
371YasenBulgaria
32%
207LinnesNorway
32%
233MontesplugaItaly
28%
254ŠuškovaLatvia
28%
365Slobozia-MedvejaMoldova
28%
287RuggellLiechtenstein
24%
403RabeSerbia
24%
545AnadagTurkey
24%
230AthusBelgium
20%
312BatinaCroatia
20%
200M'GlentseNorth Macedonia
20%
202TersteneKosovo
16%
374BargenSwitzerland
16%

Score Distribution

Percentile by Number Answered

Percent of People with Each Score

Your Score History

You have not taken this quiz